000 00473nam a2200193Ia 4500
008 240509s9999 xx 000 0 und d
020 _a0001565923820
041 _aEng
082 _a006.696
082 _bE67
100 _aEPSTEIN ,B.A.
245 0 _aDIRECTOR IN A NUTSHELL : A DESKTOP QUICK REFERENCE
260 _bTOKYO : OREILLY
260 _c1999
300 _a628 p.
650 _aMULTIMEDIA : DIRECTOR : COMPUTER GRAPHICS
942 _2ddc
942 _cRBK
999 _c22876
_d22876
945 _a1
_bMadushi Gamage
_c1
_dMadushi Gamage